000 00949nam a2200217Ia 4500
001 1322
003 GE_BSU
008 181216s||||||||xx |||||||||||||| ||und||
040 _cGE_BSU
100 _aვიშნევსკი, ი.
245 _aანალიზური ქიმია(თვისებითი ანალიზი).
245 _bსახელმზღვანელო კვების მრეწველობის ტექნიკუმების მოსწავლეებისათვის.
260 _aთბილისი
260 _bგანათლება
260 _c1977
300 _a208 გვ. 21 სმ.
541 _h4 ლ.
653 _aანალიზური ქიმიის სახელმძღვანელოები ტექნიკუმებისათვის
653 _aთვისებითი ანალიზი;
942 _cBK
999 _c35464
_d35464